| 000 | 01207nam a22003257a 4500 | ||
|---|---|---|---|
| 003 | CHAP | ||
| 005 | 20220329134030.0 | ||
| 008 | 971013s1976 r 00010 d | ||
| 010 | _a14387 | ||
| 011 | _a15359 | ||
| 035 | _a19435 | ||
| 040 | _cCHAP | ||
| 082 |
_a630.71 _bG65 |
||
| 100 | 0 | 0 |
_aGonzález Romero, Vicente. _949369 |
| 245 | _aOferta y demanda de profesores en el Sistema Nacional de Enseñanza Agrícola Superior en México | ||
| 260 |
_aChapingo, Méx. : _bENA. Colegio de Postgraduados. Centro de Estadística y Cálculo, _c1976 |
||
| 300 | _a205 p. | ||
| 590 |
_aBATCH-UPD _b10 _c20130110 _lUCH01 _h1611 |
||
| 590 |
_aBATCH-UPD _b10 _c20130410 _lUCH01 _h1007 |
||
| 590 |
_aBATCH-UPD _b10 _c20130914 _lUCH01 _h1240 |
||
| 590 |
_aCONVERSION _b10 _c20130109 _lUCH01 _h1309 |
||
| 650 | 1 | 4 |
_aEducación agrícola _xFormación de profesores. _935519 |
| 650 | 1 | 4 |
_aEducación agrícola _zMéxico. _935552 |
| 650 | 1 | 4 |
_aMaestros _xSalarios. _969757 |
| 901 | _aBK | ||
| 942 | _cLIBRO | ||
| 949 |
_a630.71 G65 _bBC _cLIBRO _d-45292 _eLIBRO _fc.2 _i19435 _si |
||
| 949 |
_a630.71 G65 _bBC _cLIBRO _d33724000033288 _eLIBRO _fc.3 _h62496 _i19435 _si |
||
| 949 |
_a630.71 G65 _bBC _cUACH _d-45291 _eUACH _h40773 _i19435 _mD _si |
||
| 999 |
_c14387 _d14387 |
||